Poesía: selección 1952-1971 /

Salvato in:
Dettagli Bibliografici
Autore principale: Acosta, Oscar, 1933-
Natura: Sconosciuto
Lingua:Spanish
Pubblicazione: Madrid, España: Cultura Hispánica, 1976
Serie:Colección La encina y el mar 54
Soggetti:
Tags: Aggiungi Tag
Nessun Tag, puoi essere il primo ad aggiungerne!!

MARC

LEADER 000000000a22000000004500
001 000249
008 200115b xxu||||| |||| 00| 0 spa d
020 |a 84-7232-263-7 
041 0 |a español 
082 |a Ho861.4  |b A179p 
100 1 |a Acosta, Oscar, 1933- 
245 1 0 |a Poesía: selección 1952-1971 / 
260 1 |a Madrid, España:   |b Cultura Hispánica,   |c 1976 
300 |a 189 páginas 
490 |a Colección La encina y el mar   |v 54 
650 4 |a LITERATURA HONDUREÑA  |9 50 
650 4 |a POESIA  |9 159 
942 |2 ddc  |c BK 
999 |c 1069  |d 1069